|
|
|
|
| LEADER |
00777nam a2200193 i 4500 |
| 003 |
GR-PaULI |
| 005 |
20220829125836.0 |
| 008 |
210831s2002 gr g |||| 000 f gre d |
| 952 |
|
|
|0 0
|1 0
|2 ddc
|4 0
|6 889_340000000000000_ΣΩΤ
|7 0
|9 363604
|a LISP
|b LISP
|c DON
|d 2022-08-29
|e ΠΑΤ
|i 147867
|l 0
|o 889.34 ΣΩΤ
|p 025000274668
|r 2022-08-29 00:00:00
|t 1
|w 2022-08-29
|y BKN
|
| 999 |
|
|
|c 212473
|d 212473
|
| 020 |
|
|
|a 9603753769
|
| 040 |
|
|
|a GR-PaULI
|b gre
|c GR-PaULI
|e AACR2
|
| 082 |
0 |
4 |
|2 23
|a 889.34
|
| 100 |
1 |
|
|9 187169
|a Σωτάκης, Δημήτρης,
|d 1973-
|e συγγραφέας.
|
| 245 |
1 |
2 |
|a Η πράσινη πότρα /
|b
|c Δημήτρης Σωτάκης.
|
| 260 |
|
|
|a Αθήνα :
|b Μεταίχμιο,
|c 2002.
|
| 300 |
|
|
|a 139 σ. ;
|c 21 εκ.
|
| 942 |
|
|
|2 ddc
|c BKN
|
| 998 |
|
|
|c ΜΠΟΥΡΑΣ
|d 2022-08
|